Quy hoạch tuyến tính Giáo trình đào tạo giáo viên trung học cơ sở hệ cao đẳng sư phạm
Đã lưu trong:
| 主要作者: | |
|---|---|
| 格式: | 圖書 |
| 語言: | Undetermined |
| 出版: |
H.
Giáo dục
1999
|
| 主題: | |
| 在線閱讀: | http://lrc.tdmu.edu.vn/opac/search/detail.asp?aID=2&ID=6061 |
| 標簽: |
添加標簽
沒有標簽, 成為第一個標記此記錄!
|
| Thư viện lưu trữ: | Trung tâm Học liệu Trường Đại học Thủ Dầu Một |
|---|
| LEADER | 00747nam a2200205Ia 4500 | ||
|---|---|---|---|
| 001 | TDMU_6061 | ||
| 008 | 210410s9999 xx 000 0 und d | ||
| 082 | |a 519.72 | ||
| 090 | |b PH300 | ||
| 100 | |a Phí, Mạnh Ban | ||
| 245 | 0 | |a Quy hoạch tuyến tính | |
| 245 | 0 | |b Giáo trình đào tạo giáo viên trung học cơ sở hệ cao đẳng sư phạm | |
| 245 | 0 | |c Phí Mạnh Ban | |
| 260 | |a H. | ||
| 260 | |b Giáo dục | ||
| 260 | |c 1999 | ||
| 300 | |a 111r | ||
| 650 | |a Toán |x Quy hoạch tuyến tính |v Giáo trình; Đại số tuyến tính |v Giáo trình | ||
| 856 | |u http://lrc.tdmu.edu.vn/opac/search/detail.asp?aID=2&ID=6061 | ||
| 980 | |a Trung tâm Học liệu Trường Đại học Thủ Dầu Một | ||